000 00519nam a2200193 i 4500
001 bgj
245 0 0 _aWriters on writing.
_nVol. 1 /
_cedited by Tom Waldrep.
260 _aNew York :
_bRandom House,
_cc. 1985.
300 _aXVIII, 350 pp ;
_c25 cm.
650 9 _aEnglish language
_xRhetoric
650 9 _aAuthorship
700 1 _aWALDREP, Tom.
_eed.
020 _a0394344499 (hbk)
040 _cBPK
041 0 _aeng
920 _a0-394-34449-9 (hbk)
942 _cKS
008 s uk f |000 0 eng
999 _c41298
_d41298
856 _uhttp://koha.tu.koszalin.pl/cgi-bin/koha/opac-detail.pl?biblionumber=41298
_yKatalog online BPK